000 00658nam a2200193 i 4500
001 114925
003 ES-MaACL
007 t|
008 070212s1956 sp ||||1| spa d
080 _a517.926
100 1 _aSalinas Palero, Baltasar R.
_9101949
245 1 0 _aSobre la ecuación diferencial /
_cBaltasar R. Salinas Palero.
260 _aMadrid :
_bConsejo Superior de Investigaciones Científicas,
_c1956.
300 _a145 p. ;
_c24 cm.
490 1 _aMemorias de matemáticas del Instituto "Jorge Juan" ;
_v18
830 0 0 _aMemorias de matemáticas del Instituto "Jorge Juan"
_v18
_9185834
852 _aES-MaACL
_jE-4518
999 _c114925
_d114925